000 00459nam a2200181Ia 4500
001 4422
005 20260306145755.0
008 260306t2009||||xx |||||||||||||| ||spa||
041 _aESP
082 _a321.8
_bI59B
100 _aInstituto Interamericano de Derechos Humanos
_eAUT
245 0 _aIgualdad para una democracia incluyente
260 _c2009
300 _a553 páginas :
_c21 cm.
650 _aGEN
654 _aCDE
942 _cLIB
_dJUS
_fJUS
_2ddc
_n
999 _c4422
_d4422